| 000 | 00747nam a2200145Ia 4500 | ||
|---|---|---|---|
| 008 | 220216s9999 xx 000 0 und d | ||
| 100 | _aAhmad Shakri M S | ||
| 245 | 0 | _aWeathering tests of some exterior paints using rubbewood as the substrate | |
| 260 |
_bMalaysian Forester _c1986 |
||
| 300 | _a103-107 | ||
| 520 | _aPanels of rubberwood finished with four commercial exterior paints were exposed to natural weathering at a rural site, up to a period of 12 months in order to determine their durability to weathering and susceptibility to fungal growth. It was found that the alkyd paint and chlorinated rubber paint performed better than the emulsion or nitrocellulose paint. | ||
| 650 | _aRubberwood | ||
| 700 | _aAbd Rashid M | ||
| 942 | _cBO | ||
| 999 |
_c48045 _d48045 |
||